Subregions of the World Quiz - Statistics

General Stats
  • This quiz has been taken 3,298 times
  • The average score is 19 of 22
Answers on the Map
Answers color-coded by a green-red scale on the quiz's map according to % correct below.
 
Answer Stats
Answer % Correct
{Northern} Africa
98%
{Northern} America
98%
{Northern} Europe
98%
{South} America
98%
{Southern} Africa
98%
{Southern} Asia
98%
{Southern} Europe
98%
{Middle} Africa
96%
{Eastern} Africa
95%
{Eastern} Asia
95%
{Eastern} Europe
95%
{Central} America
94%
{Central} Asia
94%
{Western} Africa
94%
{Western} Asia
94%
{Western} Europe
94%
{Southeastern} Asia
82%
Caribbean
71%
Polynesia
55%
Micronesia
53%
{Australia} and {New Zealand}
46%
Melanesia
42%
No matching quizzes found
Score Distribution
Percent of People with Each Score
Percentile by Number Answered
Your Score History
You have not taken this quiz